Every U.S State by Proximity to Des Moines - Statistics

General Stats
  • This quiz has been taken 89 times
  • The average score is 28 of 49
Answer Stats
Distance (mi.) State % Correct
69.9 Missouri
97%
131.1 Illinois
90%
119.2 Nebraska
83%
313.9 Indiana
80%
136.4 Kansas
77%
131.9 Minnesota
77%
152.7 Wisconsin
77%
158.5 South Dakota
73%
1,886.3 Alaska
70%
351.8 Arkansas
70%
3,859.1 Hawaii
70%
334.5 North Dakota
70%
1,223.1 California
67%
349.9 Michigan
67%
321.9 Oklahoma
63%
1,172.6 Oregon
63%
1,197.1 Washington
63%
804.2 Florida
60%
388.8 Kentucky
60%
1,154 Maine
60%
454.12 Ohio
60%
540 Alabama
57%
413.9 Tennessee
57%
440.2 Colorado
53%
574.6 Montana
53%
1,029.3 Connecticut
50%
629.1 Georgia
50%
1,032.7 Massachusetts
50%
1,050.7 Nevada
50%
1,077.6 New Hampshire
50%
1,120.4 Rhode Island
50%
491.2 Texas
50%
1,032.1 Vermont
50%
883 Arizona
47%
941 Delaware
47%
895 Idaho
47%
592.3 Louisiana
47%
750.8 Maryland
47%
489.4 Mississippi
47%
668.4 North Carolina
47%
727.9 South Carolina
47%
801.8 Utah
47%
633.6 Virginia
47%
954.4 New Jersey
43%
593.8 New Mexico
43%
674 Pennsylvania
43%
538.6 Wyoming
43%
712.3 New York
40%
621.9 West Virginia
40%
No matching quizzes found
Score Distribution
Percent of People with Each Score
Percentile by Number Answered
Your Score History
You have not taken this quiz